Billy Joel Lyrics Quiz (Part 111) - Statistics

General Stats
  • This quiz has been taken 19 times
    17 since last reset
  • The average score is 160 of 206
Answer Stats
Answer % Correct
a
100%
be?
100%
be
100%
I
100%
the
100%
time
100%
to
100%
You
100%
you
100%
an
93%
And
93%
and
93%
don’t
93%
for
93%
long
93%
me
93%
of
93%
too
93%
Too
93%
where
93%
will
93%
your
93%
are
86%
been
86%
But
86%
but
86%
gone
86%
know
86%
So,
86%
so
86%
That
86%
that
86%
think
86%
what
86%
Because
79%
like
79%
all
71%
around
71%
end
71%
have
71%
thought
71%
was
71%
Won’t
71%
comin’
64%
friend
64%
just
64%
look
64%
said,
64%
again
57%
back
57%
loved
57%
lover
57%
make
57%
Oh,
57%
sing
57%
Turn
57%
turn
57%
dream
50%
find
50%
hard
50%
please
50%
song
50%
tried
50%
little
43%
must
43%
remember
43%
Yeah,
43%
begin
36%
believe
36%
clean
36%
Eliza,
36%
hands
36%
lady,
36%
lady
36%
past
36%
Runnin’
36%
sweet
36%
stream
29%
Maybe
21%
roads
21%
sea
21%
stand
21%
walked
21%
beside
14%
No matching quizzes found
Score Distribution
Percent of People with Each Score
Percentile by Number Answered
Your Score History
You have not taken this quiz since the last reset